000
00279nam a22001217a 4500
008
180123b xxu||||| |||| 00| 0 eng d
041
_a
eng
080
_a
33
100
_a
58
101
_a
BIZ
245
_a
Gordon tullock welfare for the well-to-do
_c
Tullock,G
942
_2
udc
_c
BK
999
_c
40722
_d
40722